Navegando en el mar del tiempo : (Registro nro. 25870)

Detalles MARC
000 -LEADER
fixed length control field 00925nam a2200277 i 4500
001 - CONTROL NUMBER
control field 000830288
005 - DATE AND TIME OF LATEST TRANSACTION
control field 20250331191043.0
007 - PHYSICAL DESCRIPTION FIXED FIELD--GENERAL INFORMATION
fixed length control field ta
007 - PHYSICAL DESCRIPTION FIXED FIELD--GENERAL INFORMATION
fixed length control field ta
008 - FIXED-LENGTH DATA ELEMENTS--GENERAL INFORMATION
fixed length control field 150917s2015 ck gr 000 1dspa d
020 ## - INTERNATIONAL STANDARD BOOK NUMBER
International Standard Book Number 9789588409634
040 ## - CATALOGING SOURCE
Original cataloging agency CO-CtgCURN
Language of cataloging spa
Transcribing agency coctgcurn
082 04 - DEWEY DECIMAL CLASSIFICATION NUMBER
Classification number 861.865
Item number O875n
Edition information 21
100 1# - MAIN ENTRY--PERSONAL NAME
Personal name Otero Saez, Jaime Enrique,
Dates associated with a name 1950-
Relator term autor.
245 10 - TITLE STATEMENT
Title Navegando en el mar del tiempo :
Remainder of title poemas /
Statement of responsibility, etc. Jaime Enrique Otero Sáez.
250 ## - EDITION STATEMENT
Edition statement Primera edición.
260 ## - PUBLICATION, DISTRIBUTION, ETC.
Place of publication, distribution, etc. Aguachica :
Name of publisher, distributor, etc. Jaime Enrique Otero Sáez,
Date of publication, distribution, etc. 2015.
300 ## - PHYSICAL DESCRIPTION
Extent 71 hojas ;
Dimensions 22 cm.
336 ## - CONTENT TYPE
Content type term texto
Content type code txt
Source rda contenido
337 ## - MEDIA TYPE
Media type term sin mediación
Media type code n
Source rda medio
338 ## - CARRIER TYPE
Carrier type term volumen
Carrier type code nc
Source rda soporte
500 ## - GENERAL NOTE
General note Contiene datos biográficos del autor.
650 14 - SUBJECT ADDED ENTRY--TOPICAL TERM
Topical term or geographic name entry element Poesía colombiana
Chronological subdivision Siglo XXI.
Source of heading or term LEMB
650 14 - SUBJECT ADDED ENTRY--TOPICAL TERM
Topical term or geographic name entry element Literatura colombiana
Chronological subdivision Siglo XXI.
Source of heading or term LEMB
Existencias
Withdrawn status Lost status Source of classification or shelving scheme Damaged status Not for loan Collection Home library Current library Shelving location Date acquired Source of acquisition Cost, normal purchase price Inventory number Total checkouts Full call number Barcode Date last seen Copy number Price effective from Koha item type Public note
    Dewey Decimal Classification     General Miguel Henríquez Castañeda Miguel Henríquez Castañeda General 10/09/2018 Biblioteca personal del Fundador 45000.00 022343   861.865_O875n 022343 10/09/2018 ej.1 03/31/2025 Libros 860-LITEP